000 00519 a2200157 4500
999 _c5029
_d5029
020 _a9781858561592
050 _aLC 4803.G7B7 PAR
100 _aParker-Jenkins, Mary
_eauthor
245 _aSparing the rod :
_bschools, discipline and children's rights/
264 _aMinneapolis :
_bUniversity of Minnesota Press,
_c1992.
300 _axv,195p.
500 _aincludes index and bibliographical references
650 _aSocial classes.
700 _aMarie Parker-Jenkins
_eauthor
942 _2lcc
_cBK
_h4803.G7B7
_iPAR
_kLC